Riadenie hydraulickej sústavy

Salvato in:
Dettagli Bibliografici
Autore principale: Jablonický, Jozef (Autore)
Altri autori: Ťapák, Peter (Relatore della tesi)
Natura: Manoscritto Libro
Lingua:slovacco
Pubblicazione: 2015
Soggetti:
Accesso online:http://is.stuba.sk/zp/portal_zp.pl?podrobnosti=103041
Tags: Aggiungi Tag
Nessun Tag, puoi essere il primo ad aggiungerne!!

MARC

LEADER 00000ntm a22000003a 4500
001 stuzp52542
003 SK-STU
005 20160719154215.1
007 ta
008 150427s2015----xo-----f-mn---000-0-slo-d
040 |a STU  |b slo 
041 0 |a slo 
100 1 |a Jablonický, Jozef  |u 031000  |4 aut  |U FEI Fakulta elektrotechniky a informatiky  |T FEI Ústav robotiky a kybernetiky  |X 56023  |U E011  |Y 356  |7 A000056023 
242 0 1 |a Control of hydraulic system  |y eng 
245 1 0 |a Riadenie hydraulickej sústavy 
260 |c 2015 
300 |a 52 s., príl.  |b CD-ROM 
650 4 |a pozorovateľ  |2 slo 
650 4 |a PLC  |2 slo 
650 4 |a hydraulická  |2 slo 
650 4 |a hydraulic  |2 eng 
650 4 |a PLC  |2 eng 
650 4 |a observer  |2 eng 
700 1 |a Ťapák, Peter  |4 ths  |X 3715  |7 A000003715 
856 4 |u http://is.stuba.sk/zp/portal_zp.pl?podrobnosti=103041 
996 |b 284EP11090  |c E*DIPL- 11090  |l EE31  |s P  |a 0  |w stuzp52542_0001 
SQL |a stuzp52542  |b DDP  |c SLO  |d Riadenie hydraulickej sústavy  |e 56023  |f Jablonický, Jozef  |g 031000  |h 3715  |i Ťapák, Peter  |j 20150616  |k 84  |l 03  |m http://is.stuba.sk/zp/portal_zp.pl?podrobnosti=103041  |n I-ROB  |o 5.2.14. automatizácia